000 01082nam a2200301Ia 4500
001 ebr10383884
003 CaPaEBR
006 m u
007 cr cn|||||||||
008 090921s2010 cau s 000 0 eng d
010 _z 2009038104
020 _z9781582435626
020 _z1582435626
040 _aCaPaEBR
_cCaPaEBR
035 _a(OCoLC)647923043
050 1 4 _aPS3552.E75
_bI63 2010eb
082 0 4 _a814/.54
_222
100 1 _aBerry, Wendell,
_d1934-
245 1 0 _aImagination in place
_h[electronic resource] :
_bessays /
_cWendell Berry.
260 _aBerkeley, CA :
_bCounterpoint,
_c2010.
300 _aviii, 196 p.
533 _aElectronic reproduction.
_bPalo Alto, Calif. :
_cebrary,
_d2010.
_nAvailable via World Wide Web.
_nAccess may be limited to ebrary affiliated libraries.
650 0 _aAmerican essays.
650 0 _aAmerican literature.
655 7 _aElectronic books.
_2local
710 2 _aebrary, Inc.
856 4 0 _uhttp://site.ebrary.com/lib/rucke/Doc?id=10383884
_zAn electronic book accessible through the World Wide Web; click to view
999 _c204258
_d204258